Income tax act regulation rules : all amendments up to January 1996.
| Format: | Book |
|---|---|
| Published: |
Kuala Lumpur:
MDC Publishers Printers,
1996.
|
| Subjects: |
| LEADER | 00505cam a2200157 7i4500 | ||
|---|---|---|---|
| 001 | 0000004889 | ||
| 005 | 19991025090000.0 | ||
| 002 | ##000006447 | ||
| 020 | 0 | 0 | |a T000005200 |
| 090 | 0 | 0 | |a M 343.052 |b INC |
| 245 | 1 | 0 | |a Income tax act regulation rules : |b all amendments up to January 1996. |
| 260 | 0 | 0 | |a Kuala Lumpur: |b MDC Publishers Printers, |c 1996. |
| 300 | 0 | 0 | |a 427 p.. |
| 650 | 0 | 0 | |a Income tax -- |x Law and legislation -- |z Malaysia |
| 651 | 0 | 0 | |a Malaysia |
| 999 | |a 0000007638 |b Book |c Open shelf |e Business Information Centre | ||